| 000 | 01078nam a2200313 i 4500 | ||
|---|---|---|---|
| 003 | EG-ScBUE | ||
| 005 | 20231219100029.0 | ||
| 008 | 180227s1984 ua f b f001 0 ara d | ||
| 017 | _a1984 / 5257 | ||
| 020 | _a977014671 | ||
| 040 |
_aEG-ScBUE _bara _erda _cEG-ScBUE _dEG-ScBUE |
||
| 043 | _af-ua--- | ||
| 082 | 0 | 4 |
_a962 _bع ث م _222 |
| 100 | 1 |
_aعثمان، حافظ، _eمؤلف. |
|
| 245 | 1 | 0 |
_aفي بعث الأمة المصرية / _cحافظ عثمان. |
| 264 | 1 |
_aالقاهرة : _bالهيئة المصرية العامة للكتاب، _c1984. |
|
| 300 |
_a434 صفحة ؛ _c24 سم |
||
| 336 |
_2rdacontent _aنص _btxt |
||
| 337 |
_aبدون وسيط _2rdamedia _bn |
||
| 338 |
_aمجلد _bnc _2rdacarrier |
||
| 504 | _aيشتمل على إرجاعات ببليوجرافية وكشافات. | ||
| 650 | _2BUEsh | ||
| 651 | 7 |
_aمصر _xتاريخ. _2BUEsh |
|
| 651 | 7 |
_aمصر _xأحوال اقتصادية. _2BUEsh |
|
| 651 | 7 |
_aمصر _xسياسة وحكومة. _2BUEsh _929430 |
|
| 653 |
_bGGEN _cFebruary2018 |
||
| 655 | _vReading book | ||
| 942 | _2ddc | ||
| 999 |
_c26176 _d26148 |
||